000 00567nam a2200205 a 4500
003 BD-DhJNU
005 20241201075940.0
008 241101s1968 ii a b 001 0 eng
020 _a9781349005192
040 _aBD-DhJNU
_bENG
_cBD-DhJNU
_dBD-DhJNU
082 0 0 _a532 THT
_223
100 1 _aThomson, L. M. Milne
245 1 0 _aTheoretical Hydrodynamics /
_cL. M. Milne Thomson
250 _a5th ed.
260 _aLondon:
_bPalgrave Macmillan,
_c1968.
300 _axxii, 743 p. :
_bill. ;
_c27 cm.
504 _aIncludes index
650 0 _aHydrodynamics
942 _cBK
999 _c961
_d961